Zamestnávanie občanov tretích krajín
Zjednodušenie podmienok pre zamestnávanie štátnych príslušníkov tretích krajín. Oznamovacia povinnosť zamestnávateľa. Maximálne počty zamestnávania cudzincov. Potvrdenie o obsadení pracovného miesta. Povinnosti zamestnávateľa. Zodpovednosť za pracovné podmienky a podmienky zamestnávania. Odňatie pov...
Gespeichert in:
| 1. Verfasser: | |
|---|---|
| Format: | Buchkapitel |
| Sprache: | Slowakisch |
| Schlagworte: | |
| Tags: |
Keine Tags, Fügen Sie das erste Tag hinzu!
|
MARC
| LEADER | 00000naa a2200000 4500 | ||
|---|---|---|---|
| 001 | 0242427 | ||
| 005 | 20180427093249.7 | ||
| 041 | 0 | |a slo | |
| 044 | |a SK | ||
| 245 | 1 | 0 | |a Zamestnávanie občanov tretích krajín |c Petra Evanovich |
| 520 | |a Zjednodušenie podmienok pre zamestnávanie štátnych príslušníkov tretích krajín. Oznamovacia povinnosť zamestnávateľa. Maximálne počty zamestnávania cudzincov. Potvrdenie o obsadení pracovného miesta. Povinnosti zamestnávateľa. Zodpovednosť za pracovné podmienky a podmienky zamestnávania. Odňatie povolenia na zamestnanie. | ||
| 610 | 2 | 0 | |a zamestnávatelia |
| 610 | 2 | 0 | |a zamestnanci |
| 610 | 2 | 0 | |a zamestnanosť |
| 610 | 2 | 0 | |a cudzinci |
| 610 | 2 | 0 | |a legislatíva |
| 610 | 2 | 0 | |a povinnosti zamestnávateľov |
| 100 | 1 | |a Evanovich, Petra | |